[Event "EYCC 2024 - O12"]
[Site "?"]
[Date "2024.08.25"]
[Round "4.8"]
[White "Shilon Rahav, Eliran"]
[Black "Ibrahimli, Suat"]
[Result "1-0"]
[BlackElo "1893"]
[WhiteElo "2103"]
[LiveChessVersion "1.4.8"]

1. e4 {[%clk 1:30:53]} c5 {[%clk 1:30:48]} 2. Nf3 {[%clk 1:31:05]} a6
{[%clk 1:31:09]} 3. c3 {[%clk 1:30:13]} Nf6 {[%clk 1:31:27]} 4. e5
{[%clk 1:29:45]} Nd5 {[%clk 1:31:53]} 5. d4 {[%clk 1:29:54]} cxd4
{[%clk 1:32:21]} 6. cxd4 {[%clk 1:30:08]} d6 {[%clk 1:32:48]} 7. Bc4
{[%clk 1:29:48]} e6 {[%clk 1:33:08]} 8. Bxd5 {[%clk 1:29:15]} exd5
{[%clk 1:33:32]} 9. Nc3 {[%clk 1:28:55]} Be6 {[%clk 1:31:56]} 10. O-O
{[%clk 1:27:31]} h6 {[%clk 1:31:29]} 11. Re1 {[%clk 1:26:38]} Nc6
{[%clk 1:30:45]} 12. Bf4 {[%clk 1:23:53]} g5 {[%clk 1:20:19]} 13. Bg3
{[%clk 1:22:59]} g4 {[%clk 1:12:08]} 14. Nh4 {[%clk 1:22:49]} dxe5
{[%clk 1:11:55]} 15. Bxe5 {[%clk 1:21:03]} Nxe5 {[%clk 1:10:48]} 16. Rxe5
{[%clk 1:21:06]} Bg7 {[%clk 0:56:34]} 17. Rxe6+ {[%clk 1:15:56]} fxe6
{[%clk 0:56:48]} 18. Ng6 {[%clk 1:13:59]} Rg8 {[%clk 0:54:19]} 19. Qxg4
{[%clk 1:10:16]} Qd7 {[%clk 0:52:27]} 20. Ne5 {[%clk 1:06:46]} Qe7
{[%clk 0:51:29]} 21. Qg6+ {[%clk 1:02:37]} Kd8 {[%clk 0:51:04]} 22. Re1
{[%clk 0:56:45]} Qf6 {[%clk 0:44:33]} 23. Qg4 {[%clk 0:56:06]} Kc7
{[%clk 0:35:52]} 24. Nxd5+ {[%clk 0:56:01]} exd5 {[%clk 0:34:17]} 25. Rc1+
{[%clk 0:56:29]} Kb8 {[%clk 0:34:17]} 26. Nd7+ {[%clk 0:56:52]} Ka7
{[%clk 0:34:44]} 27. Nxf6 {[%clk 0:57:14]} Bxf6 {[%clk 0:35:09]} 1-0

[Event "EYCC 2024 - O12"]
[Site "?"]
[Date "2024.08.25"]
[Round "4.9"]
[White "Kiszkiel, Oskar"]
[Black "Platonovs, Nikolajs"]
[Result "1/2-1/2"]
[BlackElo "2092"]
[WhiteElo "1992"]
[LiveChessVersion "1.4.8"]

1. e4 {[%clk 1:30:58]} c5 {[%clk 1:30:56]} 2. Nc3 {[%clk 1:31:23]} d6
{[%clk 1:31:15]} 3. f4 {[%clk 1:31:28]} g6 {[%clk 1:30:31]} 4. Nf3
{[%clk 1:30:27]} Bg7 {[%clk 1:30:46]} 5. Bc4 {[%clk 1:29:40]} Nc6
{[%clk 1:28:54]} 6. d3 {[%clk 1:26:09]} e6 {[%clk 1:27:26]} 7. O-O
{[%clk 0:49:10]} Nge7 {[%clk 1:27:38]} 8. Qe1 {[%clk 0:49:39]} O-O
{[%clk 1:23:04]} 9. Bb3 {[%clk 0:38:12]} a6 {[%clk 1:19:38]} 10. f5
{[%clk 0:26:44]} exf5 {[%clk 1:18:20]} 11. Qh4 {[%clk 0:26:12]} Qc7
{[%clk 0:54:41]} 12. Bh6 {[%clk 0:18:42]} Nd8 {[%clk 0:24:04]} 13. Bg5
{[%clk 0:12:22]} Ndc6 {[%clk 0:19:48]} 14. Bh6 {[%clk 0:12:45]} Nd8
{[%clk 0:15:21]} 15. Bg5 {[%clk 0:13:08]} Ndc6 {[%clk 0:15:37]} 16. Bh6
{[%clk 0:13:24]} 1/2-1/2

[Event "EYCC 2024 - O12"]
[Site "?"]
[Date "2024.08.25"]
[Round "4.10"]
[White "Filindash, Nikita"]
[Black "Varyemez, Ali"]
[Result "0-1"]
[BlackElo "1964"]
[WhiteElo "2067"]
[LiveChessVersion "1.4.8"]

1. d4 {[%clk 1:30:57]} Nf6 {[%clk 1:30:54]} 2. c4 {[%clk 1:31:24]} e6
{[%clk 1:31:19]} 3. Nc3 {[%clk 1:31:51]} Bb4 {[%clk 1:31:44]} 4. e3
{[%clk 1:32:19]} O-O {[%clk 1:32:03]} 5. Bd2 {[%clk 1:32:42]} d5 {[%clk 1:32:23]}
6. Nf3 {[%clk 1:33:06]} b6 {[%clk 1:32:45]} 7. cxd5 {[%clk 1:33:28]} exd5
{[%clk 1:33:14]} 8. Rc1 {[%clk 1:33:56]} Bb7 {[%clk 1:33:42]} 9. Bd3
{[%clk 1:34:10]} Be7 {[%clk 1:33:56]} 10. O-O {[%clk 1:34:26]} c5
{[%clk 1:34:24]} 11. Ne5 {[%clk 1:34:41]} Nc6 {[%clk 1:34:43]} 12. Be1
{[%clk 1:35:03]} Bd6 {[%clk 1:35:09]} 13. f4 {[%clk 1:27:10]} cxd4
{[%clk 1:35:37]} 14. Nxc6 {[%clk 1:27:32]} Bxc6 {[%clk 1:35:59]} 15. Ne2
{[%clk 1:15:10]} Bd7 {[%clk 1:36:28]} 16. Nxd4 {[%clk 1:15:31]} Qe7
{[%clk 1:36:57]} 17. Qf3 {[%clk 1:14:04]} Rfe8 {[%clk 1:35:40]} 18. Bf2
{[%clk 1:14:06]} Bc5 {[%clk 1:30:38]} 19. Rfe1 {[%clk 1:11:31]} Bb4
{[%clk 1:29:27]} 20. Rf1 {[%clk 0:44:34]} Bd2 {[%clk 1:25:56]} 21. Rc7
{[%clk 0:43:50]} Bxe3 {[%clk 1:24:10]} 22. Nf5 {[%clk 0:26:16]} Bxf2+
{[%clk 1:24:25]} 23. Qxf2 {[%clk 0:26:41]} Qd8 {[%clk 1:19:00]} 24. Rfc1
{[%clk 0:20:45]} Rc8 {[%clk 1:18:05]} 25. Rxc8 {[%clk 0:14:00]} Bxc8
{[%clk 1:18:23]} 26. h3 {[%clk 0:13:19]} Bxf5 {[%clk 1:15:31]} 27. Bxf5
{[%clk 0:13:47]} Qe7 {[%clk 1:15:17]} 28. Rc3 {[%clk 0:12:36]} g6
{[%clk 1:13:47]} 29. Bc2 {[%clk 0:10:57]} Ne4 {[%clk 1:09:00]} 30. Bxe4
{[%clk 0:11:17]} Qxe4 {[%clk 1:09:27]} 31. Qd2 {[%clk 0:11:32]} Qb1+
{[%clk 0:57:36]} 32. Kh2 {[%clk 0:10:35]} Qxa2 {[%clk 0:56:55]} 33. Ra3
{[%clk 0:08:16]} Qc4 {[%clk 0:52:25]} 34. Rxa7 {[%clk 0:08:36]} d4
{[%clk 0:52:11]} 35. Rd7 {[%clk 0:08:00]} Re2 {[%clk 0:50:30]} 36. Qxd4
{[%clk 0:07:32]} Qxd4 {[%clk 0:50:55]} 37. Rxd4 {[%clk 0:07:59]} Rxb2
{[%clk 0:51:24]} 38. Kg3 {[%clk 0:06:28]} Kg7 {[%clk 0:47:28]} 39. Rd6
{[%clk 0:05:12]} h5 {[%clk 0:46:42]} 40. Rc6 {[%clk 0:05:16]} b5 {[%clk 0:46:43]}
41. Rb6 {[%clk 0:05:34]} b4 {[%clk 0:44:04]} 42. h4 {[%clk 0:01:27]} Rb3+
{[%clk 0:43:26]} 43. Kh2 {[%clk 0:01:27]} Rb1 {[%clk 0:43:27]} 44. Kg3
{[%clk 0:01:36]} b3 {[%clk 0:43:34]} 45. f5 {[%clk 0:00:40]} gxf5
{[%clk 0:41:42]} 46. Kf4 {[%clk 0:00:35]} f6 {[%clk 0:40:47]} 47. Kg3
{[%clk 0:00:37]} Kg6 {[%clk 0:39:37]} 48. Rb8 {[%clk 0:00:47]} b2
{[%clk 0:38:16]} 49. Rg8+ {[%clk 0:00:48]} Kf7 {[%clk 0:38:39]} 50. Rb8
{[%clk 0:01:14]} f4+ {[%clk 0:39:06]} 51. Kh2 {[%clk 0:01:25]} Ke6
{[%clk 0:39:30]} 52. Rb5 {[%clk 0:01:46]} Kd6 {[%clk 0:39:55]} 53. Rb8
{[%clk 0:01:58]} Ke5 {[%clk 0:39:59]} 54. Rb5+ {[%clk 0:02:24]} Ke4
{[%clk 0:40:25]} 55. Rb4+ {[%clk 0:02:27]} Kf5 {[%clk 0:40:40]} 56. Rb5+
{[%clk 0:02:41]} Kg4 {[%clk 0:41:05]} 57. Rb4 {[%clk 0:03:02]} Kxh4
{[%clk 0:40:26]} 58. Rxf4+ {[%clk 0:03:17]} Kg5 {[%clk 0:40:54]} 59. Rb4
{[%clk 0:03:40]} h4 {[%clk 0:41:11]} 60. Rb8 {[%clk 0:03:47]} f5 {[%clk 0:41:30]}
61. Rb5 {[%clk 0:03:54]} Kg4 {[%clk 0:41:30]} 62. Rb8 {[%clk 0:04:07]} f4
{[%clk 0:41:48]} 63. Rg8+ {[%clk 0:00:37]} Kf5 {[%clk 0:42:12]} 64. Rf8+
{[%clk 0:00:57]} Ke6 {[%clk 0:42:25]} 65. Re8+ {[%clk 0:01:13]} Kd7
{[%clk 0:42:28]} 66. Rb8 {[%clk 0:01:42]} h3 {[%clk 0:41:08]} 67. Rb7+
{[%clk 0:01:50]} Kc6 {[%clk 0:41:28]} 68. Rb3 {[%clk 0:01:54]} hxg2
{[%clk 0:41:53]} 69. Kxg2 {[%clk 0:02:21]} f3+ {[%clk 0:41:53]} 70. Kh2
{[%clk 0:02:43]} f2 {[%clk 0:42:17]} 71. Rc3+ {[%clk 0:03:01]} Kd5
{[%clk 0:42:41]} 72. Rd3+ {[%clk 0:03:25]} Kc4 {[%clk 0:43:06]} 0-1

[Event "EYCC 2024 - O12"]
[Site "?"]
[Date "2024.08.25"]
[Round "4.11"]
[White "Papai, Mate"]
[Black "Hanache, Kai"]
[Result "1/2-1/2"]
[BlackElo "2057"]
[WhiteElo "1985"]
[LiveChessVersion "1.4.8"]

1. d4 {[%clk 1:30:59]} Nf6 {[%clk 1:30:53]} 2. c4 {[%clk 1:31:22]} g6
{[%clk 1:31:17]} 3. Nc3 {[%clk 1:31:46]} d5 {[%clk 1:31:39]} 4. cxd5
{[%clk 1:32:12]} Nxd5 {[%clk 1:32:02]} 5. Bd2 {[%clk 1:32:34]} Bg7
{[%clk 1:32:18]} 6. e4 {[%clk 1:32:58]} Nxc3 {[%clk 1:32:44]} 7. Bxc3
{[%clk 1:33:24]} O-O {[%clk 1:32:57]} 8. Qd2 {[%clk 1:33:02]} Nd7
{[%clk 1:32:55]} 9. Bc4 {[%clk 1:29:23]} e6 {[%clk 1:29:08]} 10. Ne2
{[%clk 1:26:39]} b6 {[%clk 1:29:01]} 11. d5 {[%clk 1:19:30]} exd5
{[%clk 1:24:59]} 12. Bxd5 {[%clk 1:18:50]} Rb8 {[%clk 1:24:52]} 13. Nd4
{[%clk 1:14:01]} Bb7 {[%clk 1:21:10]} 14. O-O-O {[%clk 0:56:19]} Nc5
{[%clk 1:10:45]} 15. Bxb7 {[%clk 0:50:24]} Rxb7 {[%clk 1:10:29]} 16. f3
{[%clk 0:42:46]} c6 {[%clk 1:05:00]} 17. Nxc6 {[%clk 0:36:29]} Qxd2+
{[%clk 1:05:25]} 18. Kxd2 {[%clk 0:35:33]} Rc7 {[%clk 1:03:48]} 19. Bxg7
{[%clk 0:34:53]} Kxg7 {[%clk 1:02:54]} 20. Nb4 {[%clk 0:34:34]} f5
{[%clk 1:02:25]} 21. exf5 {[%clk 0:31:22]} Rxf5 {[%clk 1:02:35]} 22. Ke3
{[%clk 0:29:56]} Re5+ {[%clk 1:00:15]} 23. Kf2 {[%clk 0:29:47]} a5
{[%clk 0:59:29]} 24. Nd5 {[%clk 0:26:38]} Rd7 {[%clk 0:59:30]} 25. Nf4
{[%clk 0:25:48]} Rc7 {[%clk 0:57:06]} 26. Rhe1 {[%clk 0:25:15]} Rxe1
{[%clk 0:56:15]} 27. Rxe1 {[%clk 0:24:32]} Kf7 {[%clk 0:56:15]} 28. Rd1
{[%clk 0:22:09]} Nd7 {[%clk 0:54:25]} 29. Rd2 {[%clk 0:22:02]} Ne5
{[%clk 0:53:54]} 30. b3 {[%clk 0:21:28]} Rc5 {[%clk 0:53:16]} 31. Ke2
{[%clk 0:19:57]} Rc6 {[%clk 0:52:11]} 32. Nh3 {[%clk 0:16:41]} h6
{[%clk 0:49:58]} 33. Nf2 {[%clk 0:17:09]} Ke6 {[%clk 0:50:05]} 34. Ne4
{[%clk 0:15:13]} b5 {[%clk 0:49:57]} 35. f4 {[%clk 0:15:02]} Kf5 {[%clk 0:48:35]}
36. Nd6+ {[%clk 0:12:45]} Kxf4 {[%clk 0:48:45]} 37. Nxb5 {[%clk 0:12:54]} Rc5
{[%clk 0:46:15]} 38. Nd4 {[%clk 0:12:36]} Rc3 {[%clk 0:45:56]} 39. Nc2
{[%clk 0:09:15]} Nc6 {[%clk 0:45:25]} 40. Na3 {[%clk 0:07:17]} Ke4
{[%clk 0:44:27]} 41. Nb5 {[%clk 0:05:38]} Re3+ {[%clk 0:42:26]} 42. Kf2
{[%clk 0:06:01]} Rd3 {[%clk 0:42:26]} 43. Rc2 {[%clk 0:05:21]} Ne5
{[%clk 0:42:09]} 44. h3 {[%clk 0:04:35]} h5 {[%clk 0:42:05]} 45. Nc3+
{[%clk 0:04:18]} Kd4 {[%clk 0:42:02]} 46. Ne2+ {[%clk 0:04:39]} Ke4
{[%clk 0:42:22]} 47. Ng1 {[%clk 0:03:10]} h4 {[%clk 0:41:39]} 48. Re2+
{[%clk 0:03:11]} Kf4 {[%clk 0:41:37]} 49. Rc2 {[%clk 0:01:50]} g5
{[%clk 0:41:39]} 50. Ne2+ {[%clk 0:01:32]} Ke4 {[%clk 0:41:57]} 51. Nc1
{[%clk 0:00:35]} Re3 {[%clk 0:41:42]} 52. Re2 {[%clk 0:00:51]} Rxe2+
{[%clk 0:41:49]} 53. Kxe2 {[%clk 0:01:10]} Kd4 {[%clk 0:42:05]} 54. Kd2
{[%clk 0:01:22]} 1/2-1/2

[Event "EYCC 2024 - O12"]
[Site "?"]
[Date "2024.08.25"]
[Round "4.12"]
[White "Ferreira, Vasco Capitao Mendes"]
[Black "Gibala, Adam"]
[Result "1/2-1/2"]
[BlackElo "2199"]
[WhiteElo "1883"]
[LiveChessVersion "1.4.8"]

1. e4 {[%clk 1:30:44]} c5 {[%clk 1:30:56]} 2. Nf3 {[%clk 1:31:00]} d6
{[%clk 1:31:21]} 3. Bb5+ {[%clk 1:31:17]} Nd7 {[%clk 1:31:43]} 4. a4
{[%clk 1:31:15]} a6 {[%clk 1:31:33]} 5. Be2 {[%clk 1:31:28]} Ngf6
{[%clk 1:31:57]} 6. Nc3 {[%clk 1:31:27]} g6 {[%clk 1:32:14]} 7. a5
{[%clk 1:30:20]} Bg7 {[%clk 1:30:54]} 8. O-O {[%clk 1:27:31]} O-O
{[%clk 1:30:34]} 9. d3 {[%clk 1:25:18]} b5 {[%clk 1:30:04]} 10. axb6
{[%clk 1:25:35]} Nxb6 {[%clk 1:29:36]} 11. Qd2 {[%clk 1:24:10]} d5
{[%clk 1:27:44]} 12. exd5 {[%clk 1:11:47]} Nfxd5 {[%clk 1:27:40]} 13. Nxd5
{[%clk 1:11:56]} Nxd5 {[%clk 1:27:36]} 14. Qa5 {[%clk 1:10:16]} Qd6
{[%clk 1:26:24]} 15. Nd2 {[%clk 1:05:15]} Bf5 {[%clk 1:18:12]} 16. Nc4
{[%clk 0:59:49]} Qe6 {[%clk 1:04:36]} 17. Bf3 {[%clk 0:49:35]} Rab8
{[%clk 0:58:37]} 18. Re1 {[%clk 0:42:20]} Qd7 {[%clk 0:56:40]} 19. Bxd5
{[%clk 0:29:34]} Qxd5 {[%clk 0:57:00]} 20. Bf4 {[%clk 0:29:16]} Rb4
{[%clk 0:48:40]} 21. Be5 {[%clk 0:25:42]} Be6 {[%clk 0:40:33]} 22. Qxa6
{[%clk 0:17:41]} Qd7 {[%clk 0:39:59]} 23. Bc3 {[%clk 0:10:11]} Bxc4
{[%clk 0:40:07]} 24. dxc4 {[%clk 0:09:32]} Bxc3 {[%clk 0:40:36]} 25. bxc3
{[%clk 0:09:48]} Rb2 {[%clk 0:36:57]} 26. Qa7 {[%clk 0:04:42]} Qxa7
{[%clk 0:35:45]} 27. Rxa7 {[%clk 0:05:07]} Rxc2 {[%clk 0:36:06]} 28. g3
{[%clk 0:02:55]} Rxc3 {[%clk 0:36:04]} 29. Rexe7 {[%clk 0:03:17]} Rxc4
{[%clk 0:36:27]} 30. Rec7 {[%clk 0:03:26]} Rc1+ {[%clk 0:34:57]} 31. Kg2
{[%clk 0:03:51]} c4 {[%clk 0:35:21]} 32. Ra4 {[%clk 0:04:00]} c3 {[%clk 0:35:45]}
33. Rac4 {[%clk 0:04:06]} c2 {[%clk 0:36:04]} 1/2-1/2

[Event "EYCC 2024 - O12"]
[Site "?"]
[Date "2024.08.25"]
[Round "4.13"]
[White "Krstevski, Pavel"]
[Black "Brzezina, Pawel"]
[Result "0-1"]
[BlackElo "2121"]
[WhiteElo "1873"]
[LiveChessVersion "1.4.8"]

1. d4 {[%clk 1:30:27]} d5 {[%clk 1:30:33]} 2. c4 {[%clk 1:30:14]} c6
{[%clk 1:30:32]} 3. Nc3 {[%clk 1:29:52]} Nf6 {[%clk 1:30:41]} 4. Nf3
{[%clk 1:29:20]} dxc4 {[%clk 1:30:44]} 5. e3 {[%clk 1:28:36]} b5 {[%clk 1:30:08]}
6. a4 {[%clk 1:21:37]} b4 {[%clk 1:29:28]} 7. Na2 {[%clk 1:20:36]} e6
{[%clk 1:28:59]} 8. Bxc4 {[%clk 1:17:05]} Be7 {[%clk 1:26:34]} 9. O-O
{[%clk 1:13:43]} O-O {[%clk 1:25:42]} 10. Bd2 {[%clk 1:05:52]} a5
{[%clk 1:25:56]} 11. Qe2 {[%clk 0:58:47]} Bb7 {[%clk 1:22:19]} 12. Rfd1
{[%clk 0:53:32]} Nbd7 {[%clk 1:20:25]} 13. Be1 {[%clk 0:51:39]} c5
{[%clk 1:17:07]} 14. dxc5 {[%clk 0:40:49]} Qc7 {[%clk 1:14:14]} 15. c6
{[%clk 0:39:04]} Bxc6 {[%clk 1:14:19]} 16. Bb5 {[%clk 0:37:10]} Bb7
{[%clk 1:06:55]} 17. Rac1 {[%clk 0:32:10]} Nc5 {[%clk 1:06:42]} 18. h3
{[%clk 0:30:37]} h6 {[%clk 1:01:25]} 19. Rd4 {[%clk 0:27:01]} Qb6
{[%clk 0:56:30]} 20. Nd2 {[%clk 0:22:19]} Bd5 {[%clk 0:54:38]} 21. Nc4
{[%clk 0:20:28]} Qb7 {[%clk 0:54:32]} 22. f3 {[%clk 0:17:45]} Nb3
{[%clk 0:54:49]} 23. Rdd1 {[%clk 0:17:45]} Nxc1 {[%clk 0:54:45]} 24. Nxc1
{[%clk 0:17:39]} Bc6 {[%clk 0:53:58]} 25. Bxc6 {[%clk 0:17:45]} Qxc6
{[%clk 0:54:22]} 26. b3 {[%clk 0:18:05]} Nd5 {[%clk 0:53:09]} 27. Nd3
{[%clk 0:15:57]} Bf6 {[%clk 0:51:43]} 28. Rc1 {[%clk 0:14:18]} Nc3
{[%clk 0:47:10]} 29. Bxc3 {[%clk 0:14:17]} Bxc3 {[%clk 0:47:32]} 30. Rc2
{[%clk 0:13:05]} Rfd8 {[%clk 0:44:19]} 31. Kh2 {[%clk 0:10:09]} Qd5
{[%clk 0:41:17]} 32. Nf2 {[%clk 0:08:45]} Be5+ {[%clk 0:34:23]} 33. f4
{[%clk 0:08:57]} Bc7 {[%clk 0:34:41]} 34. Qf3 {[%clk 0:08:14]} Qxf3
{[%clk 0:34:14]} 35. gxf3 {[%clk 0:08:39]} f5 {[%clk 0:34:27]} 36. Rc1
{[%clk 0:06:46]} g5 {[%clk 0:32:28]} 37. Ne5 {[%clk 0:05:33]} Bxe5
{[%clk 0:32:40]} 38. fxe5 {[%clk 0:05:58]} Rd2 {[%clk 0:32:46]} 39. Kg1
{[%clk 0:06:08]} Rb2 {[%clk 0:31:53]} 40. Rc6 {[%clk 0:05:45]} Rxb3
{[%clk 0:31:33]} 41. e4 {[%clk 0:05:37]} Re8 {[%clk 0:30:47]} 42. Rc5
{[%clk 0:04:54]} Rxf3 {[%clk 0:30:51]} 43. Rxa5 {[%clk 0:05:18]} Rb8
{[%clk 0:30:13]} 44. exf5 {[%clk 0:05:21]} Rxf2 {[%clk 0:29:39]} 45. Kxf2
{[%clk 0:05:11]} b3 0-1

[Event "EYCC 2024 - O12"]
[Site "?"]
[Date "2024.08.25"]
[Round "4.14"]
[White "Nguyen, Khoi"]
[Black "Leenen, Boyd"]
[Result "1/2-1/2"]
[BlackElo "1921"]
[WhiteElo "2108"]
[LiveChessVersion "1.4.8"]

1. d4 {[%clk 1:30:57]} Nf6 {[%clk 1:30:54]} 2. c4 {[%clk 1:31:17]} e6
{[%clk 1:31:19]} 3. g3 {[%clk 1:31:36]} d5 {[%clk 1:31:43]} 4. Bg2
{[%clk 1:31:55]} Be7 {[%clk 1:32:05]} 5. Nf3 {[%clk 1:32:12]} O-O
{[%clk 1:32:24]} 6. O-O {[%clk 1:32:31]} c6 {[%clk 1:32:45]} 7. Qc2
{[%clk 1:32:54]} b6 {[%clk 1:33:08]} 8. Nbd2 {[%clk 1:33:14]} Bb7
{[%clk 1:33:26]} 9. e4 {[%clk 1:33:35]} dxe4 {[%clk 1:33:46]} 10. Nxe4
{[%clk 1:33:53]} Nbd7 {[%clk 1:34:01]} 11. Rd1 {[%clk 1:30:18]} Nxe4
{[%clk 1:34:23]} 12. Qxe4 {[%clk 1:30:39]} Nf6 {[%clk 1:34:49]} 13. Qc2
{[%clk 1:28:53]} Qc7 {[%clk 1:31:52]} 14. Bf4 {[%clk 1:25:59]} Bd6
{[%clk 1:31:53]} 15. Bxd6 {[%clk 1:23:46]} Qxd6 {[%clk 1:32:15]} 16. Ne5
{[%clk 1:16:43]} Rac8 {[%clk 1:31:10]} 17. Rac1 {[%clk 1:15:22]} Qc7
{[%clk 1:29:08]} 18. c5 {[%clk 1:11:42]} b5 {[%clk 1:27:21]} 19. a4
{[%clk 0:55:12]} a6 {[%clk 1:27:31]} 20. b4 {[%clk 0:49:02]} Rfd8
{[%clk 1:26:28]} 21. Ra1 {[%clk 0:44:42]} Ra8 {[%clk 1:20:13]} 22. Ra3
{[%clk 0:42:13]} h6 {[%clk 1:10:08]} 23. Qb2 {[%clk 0:37:54]} Nd5
{[%clk 0:44:44]} 24. Bxd5 {[%clk 0:29:33]} Rxd5 {[%clk 0:43:48]} 25. f4
{[%clk 0:29:11]} f6 {[%clk 0:42:16]} 26. Nf3 {[%clk 0:28:03]} Rad8
{[%clk 0:42:32]} 27. Re3 {[%clk 0:27:35]} Bc8 {[%clk 0:42:16]} 28. a5
{[%clk 0:25:24]} Qf7 1/2-1/2

[Event "EYCC 2024 - O12"]
[Site "?"]
[Date "2024.08.25"]
[Round "4.15"]
[White "Velychko, Semen"]
[Black "Lilliehook, Victor"]
[Result "0-1"]
[BlackElo "2040"]
[WhiteElo "1783"]
[LiveChessVersion "1.4.8"]

1. e4 {[%clk 1:30:56]} c5 {[%clk 1:30:56]} 2. Nf3 {[%clk 1:31:20]} Nc6
{[%clk 1:31:23]} 3. d4 {[%clk 1:31:46]} cxd4 {[%clk 1:31:49]} 4. Nxd4
{[%clk 1:32:13]} Nf6 {[%clk 1:32:18]} 5. Nc3 {[%clk 1:32:35]} e5 {[%clk 1:32:42]}
6. Ndb5 {[%clk 1:33:02]} d6 {[%clk 1:33:09]} 7. Nd5 {[%clk 1:32:48]} Nxd5
{[%clk 1:33:30]} 8. exd5 {[%clk 1:33:13]} Nb8 {[%clk 1:33:37]} 9. a4
{[%clk 1:33:31]} Be7 {[%clk 1:33:04]} 10. Be2 {[%clk 1:32:24]} O-O
{[%clk 1:31:00]} 11. Bd2 {[%clk 1:32:04]} f5 {[%clk 1:23:31]} 12. a5
{[%clk 1:28:12]} e4 {[%clk 1:15:05]} 13. Be3 {[%clk 1:24:30]} Bd7
{[%clk 1:02:47]} 14. Qd2 {[%clk 1:19:38]} Bxb5 {[%clk 0:58:15]} 15. Bxb5
{[%clk 1:19:24]} Nd7 {[%clk 0:57:06]} 16. Bxd7 {[%clk 1:14:13]} Qxd7
{[%clk 0:57:35]} 17. O-O {[%clk 1:14:18]} Bf6 {[%clk 0:52:09]} 18. Bd4
{[%clk 1:13:26]} f4 {[%clk 0:48:04]} 19. Ra3 {[%clk 1:04:28]} f3 {[%clk 0:35:28]}
20. h3 {[%clk 0:59:52]} Qf5 {[%clk 0:31:01]} 21. Bc3 {[%clk 0:54:49]} Qg6
{[%clk 0:21:41]} 22. g3 {[%clk 0:54:37]} Bxc3 {[%clk 0:20:27]} 23. Rxc3
{[%clk 0:54:09]} Rf5 {[%clk 0:19:06]} 24. Rc7 {[%clk 0:52:08]} Rh5
{[%clk 0:17:01]} 25. Qc3 {[%clk 0:48:43]} Re8 {[%clk 0:15:23]} 26. h4
{[%clk 0:44:50]} Rxh4 {[%clk 0:04:34]} 27. Rxg7+ Qxg7 28. Qxg7+ {[%clk 0:43:15]}
Kxg7 {[%clk 0:05:30]} 29. gxh4 {[%clk 0:43:44]} Kf6 {[%clk 0:05:33]} 30. Kh2
{[%clk 0:43:09]} Rg8 {[%clk 0:05:01]} 31. c4 {[%clk 0:35:42]} Ke5
{[%clk 0:00:57]} 32. b4 {[%clk 0:35:50]} b6 {[%clk 0:00:52]} 33. axb6
{[%clk 0:35:22]} axb6 {[%clk 0:01:22]} 34. Rd1 {[%clk 0:34:57]} Rg2+
{[%clk 0:00:38]} 35. Kh3 {[%clk 0:35:27]} Rxf2 {[%clk 0:01:03]} 36. c5
{[%clk 0:35:51]} bxc5 {[%clk 0:01:28]} 37. bxc5 {[%clk 0:36:18]} Rc2
{[%clk 0:00:33]} 38. cxd6 {[%clk 0:34:12]} Kxd6 {[%clk 0:00:46]} 39. Kg3
{[%clk 0:34:22]} f2 {[%clk 0:00:33]} 40. Kf4 {[%clk 0:34:09]} Re2
{[%clk 0:00:41]} 41. Rf1 {[%clk 0:34:02]} e3 {[%clk 0:00:55]} 42. Kf3
{[%clk 0:34:04]} Re1 {[%clk 0:01:19]} 0-1

[Event "EYCC 2024 - O12"]
[Site "?"]
[Date "2024.08.25"]
[Round "4.16"]
[White "Skytte, Robert"]
[Black "Aeschbacher, Dimitri"]
[Result "0-1"]
[BlackElo "2021"]
[WhiteElo "1866"]
[LiveChessVersion "1.4.8"]

1. e4 {[%clk 1:30:58]} e5 {[%clk 1:30:57]} 2. Nf3 {[%clk 1:31:20]} Nc6
{[%clk 1:31:22]} 3. Bc4 {[%clk 1:31:44]} Bc5 {[%clk 1:31:46]} 4. d4
{[%clk 1:32:09]} Bxd4 {[%clk 1:31:58]} 5. Nxd4 {[%clk 1:32:14]} Nxd4
{[%clk 1:32:23]} 6. Be3 {[%clk 1:32:29]} Ne6 {[%clk 1:28:59]} 7. Bxe6
{[%clk 1:31:30]} dxe6 {[%clk 1:28:33]} 8. Qh5 {[%clk 1:31:53]} Qf6
{[%clk 1:24:03]} 9. Nc3 {[%clk 1:31:11]} Bd7 {[%clk 1:22:20]} 10. O-O-O
{[%clk 1:31:23]} Ne7 {[%clk 1:19:50]} 11. Qe2 {[%clk 1:30:10]} Bc6
{[%clk 1:17:58]} 12. h4 {[%clk 1:30:29]} h6 {[%clk 1:13:36]} 13. g4
{[%clk 1:23:45]} Ng6 {[%clk 1:13:26]} 14. g5 {[%clk 1:21:18]} hxg5
{[%clk 1:12:17]} 15. Bxg5 {[%clk 1:15:31]} Nf4 {[%clk 1:12:41]} 16. Qc4
{[%clk 1:15:48]} Qg6 {[%clk 1:12:33]} 17. Nb5 {[%clk 1:07:08]} O-O
{[%clk 1:12:25]} 18. Be7 {[%clk 1:03:22]} Rfc8 {[%clk 1:10:15]} 19. Nc3
{[%clk 1:02:05]} f6 {[%clk 1:07:50]} 20. Bc5 {[%clk 0:58:57]} b5 {[%clk 1:07:21]}
21. Qb3 {[%clk 0:55:21]} a5 {[%clk 1:02:57]} 22. h5 {[%clk 0:54:38]} Qf7
{[%clk 1:01:37]} 23. h6 {[%clk 0:54:28]} g5 {[%clk 1:02:03]} 24. Be3
{[%clk 0:50:45]} Qe7 {[%clk 0:58:44]} 25. a3 {[%clk 0:39:19]} a4 {[%clk 0:55:02]}
26. Qa2 {[%clk 0:39:25]} Rd8 {[%clk 0:53:35]} 27. Rdg1 {[%clk 0:36:04]} Kh7
{[%clk 0:52:52]} 28. f3 {[%clk 0:31:15]} b4 {[%clk 0:51:45]} 29. axb4
{[%clk 0:30:40]} Qxb4 {[%clk 0:46:20]} 30. Bxf4 {[%clk 0:30:43]} a3
{[%clk 0:46:45]} 31. Be3 {[%clk 0:12:37]} axb2+ {[%clk 0:40:04]} 32. Qxb2
{[%clk 0:12:47]} Qa5 {[%clk 0:40:15]} 33. Ne2 {[%clk 0:10:20]} Rab8
{[%clk 0:37:57]} 34. Qc3 {[%clk 0:09:49]} Qb5 {[%clk 0:38:04]} 35. Bd4
{[%clk 0:06:08]} exd4 {[%clk 0:37:00]} 36. Nxd4 {[%clk 0:06:15]} Qb1+
{[%clk 0:37:20]} 37. Kd2 {[%clk 0:06:40]} Qb6 {[%clk 0:37:26]} 0-1